Kraj, który … - Statystyki

Ogólne statystyki
  • Ten quiz został rozwiązany 15 razy
  • Średni wynik to 4 z 15
Statystyki odpowiedzi
Wskazówka Odpowiedź % Poprawnych
Ma największą populacją w Europie ( nie licząc Rosji) Niemcy
79%
Największy kraj na świecie Rosja
57%
Ma najmniejszą gęstość zaludnienia Mongolia
43%
Jest Najmniejszy i nie leży w Europie Nauru
43%
Ma największą gęstość zaludnienia Bangladesz
29%
Największy kraj bez dostępu do morza Kazachstan
29%
Jako pierwszy świętuje nowy rok Kiribati
29%
posiada kolor fioletowy na fladze (bez Dominiki) Nikaragua
29%
Jest Największy w Afryce Algeria
21%
ma krzyż na fladze i leży w Australii i Oceanii (nie liczy się flaga Wielkiej Brytanii w lewym górnym rogu) Tonga
21%
w znajduje się źródło Nilu Etiopia
14%
nie ma koloru: niebieskiego, czerwonego i białego na fladze Jamajka
14%
Kraj który ma najwięcej koloru niebieskiego na fladze Mikronezja
14%
Ma najdłuższą PEŁNĄ nazwę Wielka Brytania
14%
Jest najczystszy na świecie Dania
7%
Nie znaleziono quizów pasujących do podanych kryteriów
Rozkład punktacji
Procent ludzi z każdym wynikiem
Percentyl według liczby udzielonych odpowiedzi
Twoja historia wyników
Nie rozwiązałeś tego quizu